[Event "Pardubice Open"]
[Site "Pardubice CZE"]
[Date "1994.??.??"]
[Round "5"]
[White "Vokac, Marek"]
[Black "Matlak, Marek"]
[Result "1/2-1/2"]
[WhiteElo "2485"]
[BlackElo "2485"]
[PlyCount "88"]
[EventDate "1994.07.??"]
[Source "www.chesslib.no"]
[SourceDate "2004.05.04"]

1. b4 e5 2. Bb2 f6 3. e4 Bxb4 4. Bc4 Nc6 5. Nf3 d6 6. O-O Nh6 7. d4 Ba5 8. c3 Bb6 9. a4 Na5 10. Ba2 Qe7 11. Nbd2 Be6 12. Bxe6 Qxe6 13. d5 Qd7 14. c4 c6 15. Qe2 O-O 16. Bc3 Rac8 17. Rab1 Nf7 18. Rfc1 Rc7 19. c5 dxc5 20. Bxa5 Bxa5 21. Nc4 Bb4 22. d6 Rcc8 23. Rb3 Rcd8 24. Nh4 Nxd6 25. Nxd6 Qxd6 26. Rg3 Qd2 27. Qc4+ Rf7 28. Rf1 Qd4 29. Rxg7+ Kxg7 30. Nf5+ Kf8 31. Nxd4 Rxd4 32. Qb3 a5 33. g3 c4 34. Qe3 Bd2 35. Qa3+ Kg7 36. Qf3 Kh8 37. Qh5 Rf8 38. f4 exf4 39. Qc5 Rfd8 40. Qf5 R4d6 41. e5 fxe5 42. Qxe5+ Kg8 43. Qg5+ Kf8 44. Qf5+ Kg8 1/2-1/2

[Event "Memorial I.Boleslavsky (cat.11)"]
[Site "?"]
[Date "1994.??.??"]
[Round "8"]
[White "Volke Karsten"]
[Black "Aleksandrov Aleksej"]
[Result "1/2-1/2"]
[WhiteElo "2440"]
[BlackElo "2525"]
[PlyCount "114"]
[EventDate "1994.??.??"]
[Source "www.chesslib.no"]
[SourceDate "2004.05.04"]

1. b4 c6 2. Bb2 a5 3. b5 cxb5 4. e4 b4 5. a3 Qb6 6. Nf3 e6 7. Bc4 Nf6 8. Bxf6 gxf6 9. O-O Qc7 10. Qe2 b6 11. axb4 Bxb4 12. Na3 Bb7 13. Nb5 Qf4 14. c3 Be7 15. g3 Rg8 16. Rfe1 Na6 17. Rab1 f5 18. Bd5 Bc6 19. Nfd4 fxe4 20. Nxc6 exd5 21. Nxe7 Kxe7 22. Nd4 Nc5 23. Rxb6 Kf8 24. Qb5 Qc7 25. Rb1 Rg6 26. Rb8+ Rxb8 27. Qxb8+ Qxb8 28. Rxb8+ Ke7 29. Rb5 Nd3 30. Nf5+ Ke6 31. Ne3 a4 32. Rxd5 d6 33. Ra5 Nc5 34. Nc4 Rg8 35. Nb2 Rb8 36. Nxa4 Nd3 37. Kg2 Rb1 38. c4 Ne1+ 39. Kh3 Nf3 40. Nc3 Rh1 41. Nxe4 Rxh2+ 42. Kg4 Ne5+ 43. Kf4 f5 44. Nc5+ Kf6 45. Ra6 Rxf2+ 46. Ke3 Ng4+ 47. Kd3 Ne5+ 48. Ke3 Ng4+ 49. Kd3 Ke7 50. Ra7+ Ke8 51. Ne6 Ne5+ 52. Ke3 Rf3+ 53. Ke2 Rxg3 54. Ng7+ Kd8 55. Nxf5 Rg2+ 56. Ke1 Nd3+ 57. Kd1 Nb2+ 1/2-1/2

[Event "HB Global Chess Challenge"]
[Site "?"]
[Date "2005.05.22"]
[Round "9.32"]
[White "Ardaman Miles"]
[Black "Gonzales Jayson"]
[Result "1/2-1/2"]
[WhiteElo "2390"]
[BlackElo "2574"]
[PlyCount "81"]
[EventDate "2005.??.??"]
[Source "www.chesslib.no"]
[SourceDate "2004.05.04"]

1. b4 e5 2. Bb2 d6 3. e3 g6 4. f4 Bg7 5. Nf3 Nd7 6. Bc4 Qe7 7. O-O Ngf6 8. fxe5 Nxe5 9. Nxe5 dxe5 10. b5 Be6 11. Bb3 O-O-O 12. Qe2 h5 13. Na3 h4 14. Nc4 h3 15. g3 Nh5 16. a4 f5 17. a5 Bd5 18. b6 axb6 19. axb6 Nxg3 20. Ra8+ Kd7 21. Qd3 c6 22. Nxe5+ Bxe5 23. Rxd8+ Rxd8 24. Bxd5 Nxf1 25. Bxe5 Qxe5 26. Bxc6+ Kxc6 27. Qxd8 Qxh2+ 28. Kxf1 Qg2+ 29. Ke1 h2 30. Qf6+ Kb5 31. Qb2+ Ka6 32. Qa3+ Kxb6 33. Qb4+ Kc6 34. Qc3+ Kd5 35. Qd3+ Ke6 36. Qc4+ Kf6 37. Qh4+ Ke6 38. Qc4+ Kd6 39. Qb4+ Kd7 40. Qd4+ Ke6 41. Qc4+ 1/2-1/2

[Event "Timisoara"]
[Site "?"]
[Date "1977.05.21"]
[Round "2"]
[White "Kholmov Ratmir D"]
[Black "Ciocaltea Victor"]
[Result "1/2-1/2"]
[WhiteElo "2555"]
[BlackElo "2400"]
[PlyCount "32"]
[EventDate "1977.??.??"]
[Source "www.chesslib.no"]
[SourceDate "2004.05.04"]

1. b4 d5 2. Bb2 e6 3. Nf3 a5 4. a3 axb4 5. axb4 Rxa1 6. Bxa1 Nf6 7. b5 Be7 8. e3 O-O 9. Be2 c5 10. bxc6 bxc6 11. O-O Ba6 12. Bxa6 Nxa6 13. Qe2 Nc5 14. Ne5 Qc7 15. d3 Ncd7 16. Nxd7 Nxd7 1/2-1/2

[Event "RUS-Cup"]
[Site "?"]
[Date "2000.??.??"]
[Round "5"]
[White "Alekseev Vadim"]
[Black "Yegiazarian Arsen"]
[Result "0-1"]
[WhiteElo "2440"]
[BlackElo "2513"]
[PlyCount "64"]
[EventDate "2000.??.??"]
[Source "www.chesslib.no"]
[SourceDate "2004.05.04"]

1. b4 e5 2. Bb2 Bxb4 3. Bxe5 Nf6 4. e3 O-O 5. Nf3 d5 6. c4 Be7 7. cxd5 Nxd5 8. Be2 c5 9. O-O Nc6 10. Bb2 Bg4 11. a3 Re8 12. Qc2 Qd7 13. d3 Bf8 14. Rd1 Rad8 15. Nc3 Nxc3 16. Bxc3 Qe6 17. Qa4 Bh5 18. Rab1 Rd7 19. d4 cxd4 20. Nxd4 Rxd4 21. exd4 Qxe2 22. d5 b5 23. Qh4 Re4 24. Qg3 Qc4 25. Rd3 Nd4 26. Bxd4 Rxd4 27. Rxd4 Qxd4 28. Qb8 Bg6 29. Rf1 Qxd5 30. Qxa7 Be4 31. Qb8 Bxg2 32. Rb1 Bh3 0-1

[Event "Troll Masters"]
[Site "Gausdal"]
[Date "1999.01.14"]
[Round "8"]
[White "Ornstein, Axel"]
[Black "Hansen, Sune Berg"]
[Result "0-1"]
[WhiteElo "2425"]
[BlackElo "2520"]
[PlyCount "50"]
[EventDate "1999.01.??"]
[Source "ChessBase"]
[SourceDate "1999.03.01"]

1. b4 c6 2. e3 d5 3. Bb2 Nf6 4. f4 Bg4 5. Nf3 e6 6. a3 Nbd7 7. c4 Bd6 8. cxd5 exd5 9. Be2 O-O 10. O-O Re8 11. Nc3 Rc8 12. Nd4 Bxe2 13. Ncxe2 a5 14. Nc2 b6 15. Ned4 c5 16. Nf5 Bf8 17. bxc5 bxc5 18. g4 Qb6 19. Rb1 Qe6 20. h3 h5 21. Rf2 Rb8 22. a4 d4 23. Na3 Rb4 24. exd4 Qa2 25. Nb5 Rxb2 0-1

[Event "Biel Credis"]
[Site "?"]
[Date "1996.??.??"]
[Round "?"]
[White "Campora Daniel H"]
[Black "Peptan Corina-Isabela"]
[Result "0-1"]
[WhiteElo "2540"]
[BlackElo "2400"]
[PlyCount "72"]
[EventDate "1996.??.??"]
[Source "www.chesslib.no"]
[SourceDate "2004.05.04"]

1. b4 e6 2. Bb2 Nf6 3. a3 b6 4. Nf3 Bb7 5. e3 c5 6. bxc5 bxc5 7. Be2 Be7 8. O-O O-O 9. d3 d6 10. Nbd2 Nbd7 11. Nc4 Rb8 12. Bc3 Nb6 13. Na5 Na4 14. Nxb7 Rxb7 15. Bd2 Nd5 16. Qe1 Bf6 17. d4 cxd4 18. exd4 e5 19. c4 e4 20. Bd1 exf3 21. Bxa4 fxg2 22. Kxg2 Nb6 23. Bc2 Re7 24. Qd1 Bxd4 25. Rc1 Re6 26. Qg4 Qa8+ 27. Kh3 Nxc4 28. Bxh7+ Kxh7 29. Rxc4 Rg6 30. Bg5 Bf6 31. Qh5+ Kg8 32. Rg1 Qd5 33. Rh4 Qd3+ 34. Rg3 Qf1+ 35. Rg2 Qxg2+ 36. Kxg2 Rxg5+ 0-1

[Event "Open"]
[Site "?"]
[Date "1997.??.??"]
[Round "4"]
[White "Remling Christian"]
[Black "Lputian Smbat G"]
[Result "0-1"]
[WhiteElo "2310"]
[BlackElo "2615"]
[PlyCount "60"]
[EventDate "1997.??.??"]
[Source "www.chesslib.no"]
[SourceDate "2004.05.04"]

1. b4 Nf6 2. Bb2 e6 3. b5 b6 4. e3 Bb7 5. Nf3 Be7 6. Be2 O-O 7. O-O c5 8. c4 d6 9. d3 Nbd7 10. a4 a5 11. bxa6 Rxa6 12. Nc3 Ne8 13. d4 cxd4 14. exd4 Ra8 15. Nd2 Ndf6 16. Bf3 d5 17. cxd5 Nxd5 18. Nb5 Nd6 19. Nxd6 Bxd6 20. Qb3 Qd7 21. Rfc1 Rfb8 22. Rc2 Nf4 23. Bc6 Qe7 24. Bd5 Ra5 25. Rc4 Qe8 26. Rc8 Ba8 27. Rxb8 Rb5 28. Ba3 Kh8 29. Qb4 e5 30. Nb1 f6 0-1

[Event "Lewkowitz Memorial A"]
[Site "Lewkowitz Memorial A"]
[Date "1994.??.??"]
[Round "?"]
[White "Fernandez Fornes, Juan Alberto"]
[Black "Metz, Werner Richard"]
[Result "1/2-1/2"]
[WhiteElo "2305"]
[BlackElo "2620"]
[PlyCount "74"]
[EventDate "1994.??.??"]
[Source "www.chesslib.no"]
[SourceDate "2004.05.04"]

1. b4 Nf6 2. Bb2 e6 3. b5 d5 4. e3 c5 5. Nf3 Bd6 6. c4 Nbd7 7. Be2 O-O 8. O-O b6 9. d3 Bb7 10. Nbd2 Qc7 11. Rc1 a6 12. a4 axb5 13. axb5 Ng4 14. h3 Nh2 15. Nxh2 Bxh2+ 16. Kh1 Bd6 17. Qb3 Rfd8 18. Rfd1 Be7 19. d4 Bf6 20. dxc5 Nxc5 21. cxd5 Bxd5 22. Qb4 Bxb2 23. Qxb2 Ra2 24. Qc3 Qe7 25. Kg1 Qg5 26. Bf3 h6 27. Ra1 Rd7 28. Rxa2 Bxf3 29. Nxf3 Rxd1+ 30. Kh2 Qd5 31. Rd2 Rxd2 32. Qxd2 Nd3 33. Nd4 Qc4 34. f4 e5 35. fxe5 Nxe5 36. Qf2 Qd3 37. Qf4 f6 1/2-1/2

[Event "Open"]
[Site "Ginevra SVI"]
[Date "2007.01.22"]
[Round "3"]
[White "Bauer, Ch"]
[Black "Mensch, E."]
[Result "1-0"]
[WhiteElo "2609"]
[BlackElo "2312"]
[PlyCount "67"]
[EventDate "2007.01.20"]
[Source "www.chesslib.no"]
[SourceDate "2004.05.04"]

1. b4 e5 2. a3 d5 3. Bb2 f6 4. e3 Be6 5. Nf3 a5 6. b5 c5 7. bxc6 bxc6 8. c4 Bd6 9. Nc3 Ne7 10. d4 e4 11. Nd2 Nd7 12. cxd5 cxd5 13. Nb5 Bb8 14. a4 O-O 15. Ba3 f5 16. g3 Nf6 17. Nb3 g5 18. h4 gxh4 19. Rxh4 Ng6 20. Rh1 f4 21. gxf4 Bg4 22. Be2 Bxe2 23. Qxe2 Bxf4 24. O-O-O Bb8 25. Bxf8 Qxf8 26. Kb2 Nd7 27. Rxh7 Kxh7 28. Qh5+ Kg7 29. Qxd5 Qc8 30. Qxa8 Nb6 31. Qxe4 Nxa4+ 32. Ka3 Qf8+ 33. Ka2 Qb4 34. Rg1 1-0

[Event "Bad Wiessee"]
[Site "?"]
[Date "2002.10.29"]
[Round "4"]
[White "Welling Gerard"]
[Black "Slobodjan Roman"]
[Result "1/2-1/2"]
[WhiteElo "2393"]
[BlackElo "2521"]
[PlyCount "86"]
[EventDate "2002.??.??"]
[Source "www.chesslib.no"]
[SourceDate "2004.05.04"]

1. b4 e6 2. Bb2 Nf6 3. b5 a6 4. a4 d5 5. e3 axb5 6. axb5 Rxa1 7. Bxa1 Bd6 8. Nf3 Nbd7 9. c4 c6 10. Nc3 O-O 11. bxc6 bxc6 12. Nd4 Bb7 13. Be2 Bb8 14. cxd5 cxd5 15. f4 e5 16. fxe5 Nxe5 17. O-O Ne4 18. Qe1 Qd6 19. Nxe4 dxe4 20. Qh4 Ng6 21. Qh5 Ne7 22. Bc3 Ba6 23. Bxa6 Qxa6 24. Nf5 Nxf5 25. Qxf5 Qg6 26. Qxg6 hxg6 27. Rb1 Re8 28. Kf2 g5 29. h3 Kh7 30. Rb7 Kg6 31. Rd7 Be5 32. Bxe5 Rxe5 33. g4 Kf6 34. Kg3 Ke6 35. Rd4 g6 36. h4 gxh4+ 37. Kxh4 f6 38. Kg3 g5 39. d3 exd3 40. Rxd3 Ra5 41. Kf3 f5 42. Rb3 fxg4+ 43. Kxg4 Ke5 1/2-1/2

[Event "Open A"]
[Site "Polanica Zdroj POL"]
[Date "2007.08.25"]
[Round "9"]
[White "Sopur, L."]
[Black "Malaniuk, V."]
[Result "0-1"]
[WhiteElo "2389"]
[BlackElo "2522"]
[PlyCount "77"]
[EventDate "2007.08.17"]
[Source "www.chesslib.no"]
[SourceDate "2004.05.04"]

1. b4 e5 2. Bb2 Bxb4 3. Bxe5 Nf6 4. Nf3 O-O 5. e3 d5 6. Be2 c5 7. O-O Nc6 8. Bb2 Re8 9. d3 Ba5 10. Nbd2 Bc7 11. Re1 Rb8 12. c4 dxc4 13. Nxc4 Bf5 14. Qc1 Nd7 15. Qc3 Qf6 16. Qxf6 Nxf6 17. Bxf6 gxf6 18. a4 Red8 19. Red1 Rd7 20. Rac1 Rbd8 21. Nb2 Bb6 22. Nh4 Be6 23. Nc4 Nb4 24. Nxb6 axb6 25. Rc3 Rd6 26. Ra3 Bc4 27. Rc1 Bxd3 28. Bg4 Be4 29. h3 Rd2 30. Rc4 Bd3 31. Rf4 Nd5 32. Rf3 c4 33. Rg3 c3 34. Be6+ Kf8 35. Bxd5 c2 36. Rc3 Rxd5 37. Rc8+ Ke7 38. Rgg8 f5 39. Rce8+ 0-1

[Event "mem Premi"]
[Site "?"]
[Date "1998.??.??"]
[Round "12"]
[White "Vallejo Pons Francisco"]
[Black "De la Riva Aguado Oscar"]
[Result "1/2-1/2"]
[WhiteElo "2415"]
[BlackElo "2495"]
[PlyCount "20"]
[EventDate "1998.??.??"]
[Source "www.chesslib.no"]
[SourceDate "2004.05.04"]

1. b4 c5 2. Nh3 Nc6 3. g4 f6 4. Ng1 Kf7 5. e3 h5 6. Bc4+ e6 7. h3 Qa5 8. Qe2 b5 9. Na3 Rh7 10. Qd1 Ne5 1/2-1/2

[Event "First Saturday GM - Agosto 2007"]
[Site "Budapest UNG"]
[Date "2007.08.09"]
[Round "4"]
[White "Lapshun, Yury"]
[Black "Papp, Gellert"]
[Result "0-1"]
[WhiteElo "2479"]
[BlackElo "2425"]
[PlyCount "92"]
[EventDate "2007.08.06"]
[Source "www.chesslib.no"]
[SourceDate "2004.05.04"]

1. b4 e5 2. Bb2 e4 3. c4 Nf6 4. a3 a5 5. b5 Bc5 6. e3 O-O 7. Nc3 Re8 8. Nge2 d6 9. Ng3 Nbd7 10. Qc2 Qe7 11. Be2 c6 12. f3 exf3 13. gxf3 Ne5 14. Nce4 Nxe4 15. Qxe4 Qd8 16. Qc2 Qh4 17. O-O-O Ng6 18. bxc6 bxc6 19. Ne4 Bf5 20. Qc3 f6 21. d4 Bxe4 22. fxe4 Bb6 23. Bf3 Qh3 24. Rhf1 Rab8 25. e5 dxe5 26. Bxc6 exd4 27. exd4 Re3 28. Qc2 Bc7 29. Rfe1 Rxa3 30. Re8+ Rxe8 31. Bxe8 Rb3 32. Ba4 Rb4 33. c5 Nf4 34. Qe4 Be5 35. Bc2 a4 36. Re1 Kf7 37. c6 a3 38. Ba1 Rc4 39. Kb1 a2+ 40. Kxa2 Rb4 41. Bb2 Qe6+ 42. Ka1 Qc4 43. Qf5 Rxb2 44. Qd7+ Kf8 45. Qd8+ Kf7 46. Rxe5 Qa2# 0-1

[Event "Hastings Masters"]
[Site "Hastings"]
[Date "1995.??.??"]
[Round "1"]
[White "Steffens, Olaf"]
[Black "Hebden, Mark"]
[Result "0-1"]
[WhiteElo "2330"]
[BlackElo "2570"]
[PlyCount "76"]
[EventDate "1995.08.??"]
[Source "ChessBase"]

1. b4 e5 2. a3 d5 3. Bb2 Bd6 4. e3 Nf6 5. c4 c6 6. Nf3 Qe7 7. Be2 O-O 8. Nc3 dxc4 9. Bxc4 Nbd7 10. Qc2 Nb6 11. Be2 h6 12. h3 e4 13. Nh2 Re8 14. g4 Bd7 15. h4 Bxh2 16. Rxh2 Nxg4 17. Rg2 h5 18. Nxe4 Qxe4 19. Qxe4 Rxe4 20. f3 Na4 21. O-O-O Nxb2 22. Kxb2 Nxe3 23. dxe3 Re7 24. f4 a5 25. Bc4 axb4 26. axb4 Bg4 27. Rd3 Rae8 28. Kc3 Bf5 29. Rd6 Rxe3+ 30. Kd2 R3e4 31. Rf6 Rxc4 32. Rxf5 Rxb4 33. Kc3 Rb5 34. Rxb5 cxb5 35. Kd4 f5 36. Rg5 Re4+ 37. Kd3 Rxf4 38. Rxh5 g6 0-1

[Event "It Open"]
[Site "?"]
[Date "1996.??.??"]
[Round "2"]
[White "Alekseev Vadim"]
[Black "Notkin Maksim"]
[Result "0-1"]
[WhiteElo "2380"]
[BlackElo "2520"]
[PlyCount "94"]
[EventDate "1996.??.??"]
[Source "www.chesslib.no"]
[SourceDate "2004.05.04"]

1. b4 c6 2. e3 Nf6 3. Bb2 d5 4. f4 g6 5. Nf3 Bg7 6. Be2 O-O 7. O-O Nbd7 8. a4 Qc7 9. c4 a5 10. b5 dxc4 11. Na3 cxb5 12. Nxb5 Qd8 13. Bxc4 Nb6 14. Bb3 Bf5 15. Ne5 Nbd5 16. Nd4 Be4 17. Qe2 Nb4 18. d3 Bd5 19. Bd1 Nd7 20. e4 Nxe5 21. fxe5 Bc6 22. Bb3 Qb6 23. Kh1 Rad8 24. Nxc6 Nxc6 25. Bd5 Bxe5 26. Bxe5 Nxe5 27. Rab1 Qd4 28. Rxb7 e6 29. Bc4 Nxd3 30. Bxd3 Qxd3 31. Qxd3 Rxd3 32. Ra7 Rd4 33. Rxa5 Rxe4 34. Ra7 Re2 35. h3 Ra2 36. a5 Kg7 37. a6 g5 38. Rc1 h5 39. Rc6 Kg6 40. Rb7 g4 41. Kh2 Rd8 42. hxg4 hxg4 43. a7 Rdd2 44. Kg3 Rxg2+ 45. Kf4 Ra4+ 46. Ke5 Rd2 47. Rc5 f6+ 0-1

[Event "Femida"]
[Site "?"]
[Date "2005.10.26"]
[Round "11"]
[White "Sitnikov Anton"]
[Black "Aveskulov Valeriy"]
[Result "1-0"]
[WhiteElo "2443"]
[BlackElo "2457"]
[PlyCount "97"]
[EventDate "2005.??.??"]
[Source "www.chesslib.no"]
[SourceDate "2004.05.04"]

1. b4 c5 2. bxc5 e5 3. e3 Bxc5 4. c4 Nc6 5. Nc3 Nf6 6. Nge2 O-O 7. Nd5 d6 8. Nec3 Be6 9. Be2 Bxd5 10. cxd5 Ne7 11. Qb3 Qa5 12. Rb1 Rab8 13. a4 a6 14. O-O Rfc8 15. Bc4 Nd7 16. d3 f5 17. Bd2 Qd8 18. Qd1 Bb6 19. Ne2 Kh8 20. Ba2 Nf6 21. Ng3 g6 22. Bb3 Ba5 23. e4 f4 24. Ne2 Bb6 25. Kh1 g5 26. f3 Ng6 27. d4 exd4 28. Bc1 d3 29. Qxd3 Ne5 30. Qd1 Nfd7 31. g3 fxg3 32. Nxg3 Qf6 33. Nf5 Rf8 34. Ba2 Qg6 35. Rb2 h6 36. Rg2 Qh5 37. f4 Qxd1 38. Rxd1 Nf7 39. Bb2+ Kh7 40. Bb1 Rbe8 41. h4 Rg8 42. hxg5 hxg5 43. Rh2+ Kg6 44. Rdd2 Nf6 45. Ne7+ Kg7 46. Nxg8 Rxg8 47. Rdg2 Be3 48. e5 dxe5 49. fxe5 1-0

[Event "Serpukhov-A"]
[Site "?"]
[Date "2003.??.??"]
[Round "8"]
[White "Sitnikov Anton"]
[Black "Dyachkov Sergej"]
[Result "1-0"]
[WhiteElo "2353"]
[BlackElo "2545"]
[PlyCount "89"]
[EventDate "2003.??.??"]
[Source "www.chesslib.no"]
[SourceDate "2004.05.04"]

1. b4 d5 2. Bb2 Qd6 3. a3 e5 4. Nf3 f6 5. e3 Nh6 6. c4 c6 7. Nc3 Be6 8. d4 e4 9. Nd2 f5 10. Qc2 a6 11. Na4 b5 12. cxd5 cxd5 13. Nc5 Be7 14. a4 bxa4 15. Qxa4+ Bd7 16. Qb3 Bc6 17. Be2 O-O 18. O-O Kh8 19. f4 g5 20. Rf2 g4 21. Rff1 Rf7 22. Bc3 g3 23. h3 Rg7 24. Rfb1 Bd8 25. Nxa6 Nxa6 26. Rxa6 Rxa6 27. Bxa6 Bb6 28. Nf1 Ra7 29. Be2 Ng8 30. b5 Bb7 31. Nxg3 Qg6 32. Kh2 Ra8 33. Nh5 Nf6 34. Nxf6 Qxf6 35. Rg1 Bc7 36. g3 Rg8 37. Bb4 Bb6 38. Qc3 Rc8 39. Qd2 Ra8 40. Bc5 Bxc5 41. dxc5 Ra4 42. c6 Bc8 43. b6 Qxc6 44. Rc1 Ra2 45. Qd4+ 1-0

[Event "Ch Sweden (team) 1999/00"]
[Site "?"]
[Date "2000.??.??"]
[Round "7"]
[White "Akesson Ralf"]
[Black "Ernst Thomas"]
[Result "1/2-1/2"]
[WhiteElo "2486"]
[BlackElo "2409"]
[PlyCount "100"]
[EventDate "2000.??.??"]
[Source "www.chesslib.no"]
[SourceDate "2004.05.04"]

1. b4 Nf6 2. Bb2 e6 3. a3 b6 4. c4 Bb7 5. Nf3 Be7 6. Qb3 O-O 7. e3 d5 8. Be2 Nbd7 9. d3 dxc4 10. Qxc4 c5 11. O-O Rc8 12. Qb3 Nd5 13. b5 Bf6 14. Nbd2 Bxb2 15. Qxb2 Qf6 16. Qxf6 gxf6 17. Rfc1 Rfd8 18. Nc4 Nf8 19. Nfd2 Kg7 20. f4 Rc7 21. g3 Ng6 22. Kf2 Rcd7 23. e4 Nc7 24. a4 Ne7 25. Rcb1 Nc8 26. a5 Ne8 27. Ke3 Ned6 28. a6 Ba8 29. Nxd6 Nxd6 30. g4 f5 31. Ra2 c4 32. exf5 exf5 33. dxc4 fxg4 34. Bxg4 Re7+ 35. Kf2 Ne4+ 36. Nxe4 Rxe4 37. Rc1 Rxf4+ 38. Kg3 Rdd4 39. Be2 Rf6 40. Rf1 Rg6+ 41. Kf2 Rg2+ 42. Ke1 Rxh2 43. Rc2 h5 44. c5 Be4 45. cxb6 Bxc2 46. bxa7 Rd8 47. b6 Rxe2+ 48. Kxe2 Bd3+ 49. Kf2 Bxa6 50. Rd1 Rc8 1/2-1/2

[Event "3GMM-27"]
[Site "Cork 3GMM-27"]
[Date "1996.??.??"]
[Round "?"]
[White "Paneque, Pedro"]
[Black "Gallagher, Joseph G"]
[Result "0-1"]
[WhiteElo "2370"]
[BlackElo "2525"]
[PlyCount "30"]
[EventDate "1996.??.??"]
[Source "www.chesslib.no"]
[SourceDate "2004.05.04"]

1. b4 e5 2. Bb2 f6 3. b5 d5 4. e3 Be6 5. Nf3 Nd7 6. d4 Bd6 7. dxe5 fxe5 8. Nbd2 Ngf6 9. c4 O-O 10. Be2 c6 11. O-O Qe7 12. cxd5 cxd5 13. Rc1 Rac8 14. Rxc8 Rxc8 15. Qa4 Bb8 0-1

[Event "Ch Sweden (team) 1998/99"]
[Site "?"]
[Date "1998.??.??"]
[Round "1"]
[White "Ornstein Axel"]
[Black "Karlsson Lars"]
[Result "1-0"]
[WhiteElo "2425"]
[BlackElo "2470"]
[PlyCount "81"]
[EventDate "1998.??.??"]
[Source "www.chesslib.no"]
[SourceDate "2004.05.04"]

1. b4 e5 2. Bb2 Bxb4 3. Bxe5 Nf6 4. Nf3 O-O 5. e3 d5 6. Be2 c5 7. O-O Nc6 8. Bb2 Re8 9. d3 Ba5 10. Nbd2 d4 11. Nb3 Bc7 12. exd4 Nd5 13. g3 Qf6 14. Nxc5 Bh3 15. Ne4 Qd8 16. Re1 Ba5 17. c4 Nf6 18. Ned2 Ng4 19. Bf1 Rxe1 20. Qxe1 Bxf1 21. Kxf1 Qd7 22. Kg2 Re8 23. Qd1 Bb6 24. Nb3 h5 25. h3 Nxf2 26. Kxf2 Qxh3 27. Qh1 Qf5 28. Re1 Ne5 29. Rxe5 Rxe5 30. c5 Re6 31. d5 Qxd5 32. cxb6 Rxb6 33. Bd4 Rc6 34. Qb1 b6 35. Qb2 f6 36. Nbd2 Kh7 37. Ne4 Qf5 38. Qb3 Qa5 39. Nxf6+ gxf6 40. Qf7+ Kh6 41. Be3+ 1-0

[Event "3GMM-27"]
[Site "Cork 3GMM-27"]
[Date "1996.??.??"]
[Round "?"]
[White "Gallagher, Joseph G"]
[Black "Paneque, Pedro"]
[Result "1-0"]
[WhiteElo "2525"]
[BlackElo "2370"]
[PlyCount "29"]
[EventDate "1996.??.??"]
[Source "www.chesslib.no"]
[SourceDate "2004.05.04"]

1. b4 Nf6 2. Nf3 e6 3. a3 d5 4. d4 Bd6 5. Nbd2 a5 6. bxa5 Rxa5 7. c4 dxc4 8. Nxc4 Bb4+ 9. Bd2 Bxd2+ 10. Qxd2 Ra4 11. Qc2 Ra7 12. e3 Nc6 13. Be2 O-O 14. O-O Bd7 15. Rfc1 1-0

[Event "It (Open) Dubai UAE"]
[Site "?"]
[Date "2006.04.25"]
[Round "3"]
[White "Teichmann Erik OMC"]
[Black "Neverov Valeriy"]
[Result "1/2-1/2"]
[WhiteElo "2320"]
[BlackElo "2572"]
[PlyCount "47"]
[EventDate "2006.??.??"]
[Source "www.chesslib.no"]
[SourceDate "2004.05.04"]

1. b4 d5 2. Bb2 Nf6 3. e3 e6 4. b5 a6 5. a4 axb5 6. axb5 Rxa1 7. Bxa1 c5 8. c4 Nbd7 9. Nf3 Bd6 10. Nc3 O-O 11. Be2 b6 12. O-O Bb7 13. Qc2 Qc7 14. cxd5 exd5 15. Qf5 d4 16. exd4 cxd4 17. Nxd4 Bxh2+ 18. Kh1 Be5 19. Nf3 Re8 20. Bd3 g6 21. Qh3 Nh5 22. Nxe5 Nxe5 23. Be4 Nf6 24. Bxb7 1/2-1/2

[Event "It (Open) Dubai UAE"]
[Site "?"]
[Date "2006.04.24"]
[Round "2"]
[White "Teichmann Erik OMC"]
[Black "Petrosian Tigran L"]
[Result "1/2-1/2"]
[WhiteElo "2320"]
[BlackElo "2571"]
[PlyCount "57"]
[EventDate "2006.??.??"]
[Source "www.chesslib.no"]
[SourceDate "2004.05.04"]

1. b4 c6 2. c4 Nf6 3. Bb2 d5 4. e3 e6 5. b5 Bd6 6. Nf3 O-O 7. Be2 dxc4 8. Bxc4 cxb5 9. Bxb5 a6 10. Be2 b5 11. O-O Nbd7 12. d3 Nc5 13. Nc3 b4 14. Na4 Nxa4 15. Qxa4 Bd7 16. Qd1 Nd5 17. Qd2 Qb8 18. g3 Nb6 19. Rac1 f6 20. Nd4 Qe8 21. Bf3 Rc8 22. Rxc8 Nxc8 23. Rc1 Ne7 24. Nb3 Qb8 25. Bd4 Rc8 26. Bc5 Bc6 27. Bxc6 Rxc6 28. d4 Kf7 29. Qd3 1/2-1/2

[Event "New York USA"]
[Site "?"]
[Date "2002.12.16"]
[Round "1"]
[White "Lapshun Yury"]
[Black "Furdzik Rafal"]
[Result "1-0"]
[WhiteElo "2572"]
[BlackElo "2319"]
[PlyCount "81"]
[EventDate "2002.??.??"]
[Source "www.chesslib.no"]
[SourceDate "2004.05.04"]

1. b4 d5 2. Bb2 Nf6 3. e3 c6 4. f4 Bg4 5. Be2 Bxe2 6. Qxe2 e6 7. a3 Nbd7 8. Nf3 Bd6 9. c4 O-O 10. O-O a5 11. cxd5 exd5 12. b5 Re8 13. bxc6 bxc6 14. Nd4 Qb8 15. Nc3 c5 16. Nf5 Bf8 17. Rab1 d4 18. Nb5 g6 19. Ng3 Bg7 20. Qd3 dxe3 21. dxe3 Nb6 22. e4 c4 23. Qf3 Rd8 24. e5 Rd3 25. Qc6 Nfd5 26. e6 c3 27. exf7+ Kh8 28. Ba1 Qf8 29. f5 Qxf7 30. Nd6 Qd7 31. Qxa8+ Nxa8 32. Rb8+ Bf8 33. Rxf8+ Kg7 34. fxg6 Qa7+ 35. Kh1 hxg6 36. Nge4 Qd4 37. Ng5 Nac7 38. R8f7+ Kh6 39. Nde4 Kh5 40. Rh7+ Kg4 41. h3+ 1-0

[Event "Radio game"]
[Site "NED"]
[Date "1985.??.??"]
[Round "?"]
[White "Ree, Hans"]
[Black "Bohm, Hans"]
[Result "1-0"]
[WhiteElo "2455"]
[BlackElo "2435"]
[PlyCount "67"]
[EventDate "1985.??.??"]
[Source "www.chesslib.no"]
[SourceDate "2004.05.04"]

1. b4 c6 2. e3 a5 3. b5 e5 4. Bb2 d6 5. a4 Bf5 6. c4 Nf6 7. Nf3 Nbd7 8. Nc3 Be7 9. d4 O-O 10. Be2 Qc7 11. Nh4 Bg6 12. O-O Ne8 13. Nxg6 hxg6 14. Ba3 Rd8 15. Rb1 f5 16. dxe5 Nxe5 17. f4 Nf7 18. g4 Nf6 19. g5 Nd7 20. e4 Nc5 21. exf5 gxf5 22. Qc2 g6 23. h4 d5 24. bxc6 bxc6 25. cxd5 cxd5 26. Nb5 Qc8 27. Nd4 Rfe8 28. Bb5 Ne4 29. Qxc8 Rxc8 30. Bxe8 Rxe8 31. Bxe7 Rxe7 32. Rfc1 Nfd6 33. Rb8+ Kf7 34. Nc6 1-0

[Event "Czech Open"]
[Site "?"]
[Date "1998.07.23"]
[Round "7"]
[White "Vokac Marek"]
[Black "Dochev Dimitar"]
[Result "1-0"]
[WhiteElo "2510"]
[BlackElo "2375"]
[PlyCount "83"]
[EventDate "1998.??.??"]
[Source "www.chesslib.no"]
[SourceDate "2004.05.04"]

1. b4 d6 2. Bb2 e5 3. c4 Nf6 4. Nc3 g6 5. g3 Bg7 6. Bg2 O-O 7. d3 Nc6 8. b5 Ne7 9. e4 Bd7 10. Nge2 h5 11. h3 Qc8 12. a4 a6 13. Qb3 Nh7 14. f4 c6 15. Rb1 Re8 16. fxe5 dxe5 17. bxa6 bxa6 18. Ba3 Ng5 19. Qb7 Qd8 20. Bc5 Ne6 21. Bb6 Qc8 22. Qxc8 Nxc8 23. Be3 Bf8 24. a5 Nc5 25. Kd2 Be6 26. Kc2 Ra7 27. Rhd1 Rd7 28. Nc1 Red8 29. Bf1 Bd6 30. Nb3 Nxb3 31. Rxb3 Bc7 32. Ra1 Nd6 33. Na4 Re7 34. Bg5 Ree8 35. Bxd8 Rxd8 36. Nc5 Bc8 37. Rb6 Bxb6 38. axb6 Re8 39. Kc3 Re7 40. Kb4 f5 41. Nxa6 fxe4 42. c5 1-0

[Event "Bijeljina Dvorovi"]
[Site "Bijeljina Dvorovi"]
[Date "2002.01.28"]
[Round "3"]
[White "Runic, Zoran"]
[Black "Bogdanovski, Vlatko"]
[Result "1-0"]
[WhiteElo "2448"]
[BlackElo "2435"]
[PlyCount "81"]
[EventDate "2002.01.26"]
[Source "ChessBase"]
[SourceDate "2002.03.21"]

1. b4 d5 2. Bb2 Bg4 3. Nf3 Bxf3 4. gxf3 e6 5. e3 Qh4 6. a3 Nd7 7. d3 a5 8. b5 Ngf6 9. Nd2 e5 10. d4 Bd6 11. dxe5 Bxe5 12. Bxe5 Nxe5 13. f4 Nfg4 14. Qe2 Ng6 15. Nf3 Qf6 16. Nd4 Nh6 17. c3 O-O 18. Qh5 c5 19. bxc6 bxc6 20. Qg5 Qd6 21. Bd3 c5 22. Nb5 Qd7 23. a4 f6 24. Qh5 d4 25. cxd4 cxd4 26. Rd1 Qc6 27. Rg1 dxe3 28. fxe3 Rae8 29. Kf2 f5 30. h3 Qb6 31. Bc4+ Kh8 32. Rd4 Re4 33. Rgd1 Rxd4 34. Rxd4 Qf6 35. Qg5 Qc6 36. Be2 Qh1 37. Qg2 Qa1 38. Nd6 Nxf4 39. Rxf4 Qe5 40. Nc4 Qc3 41. Qd5 1-0